Cambiando el rumbo : una perspectiva global del empresariado para el desarrollo y el medio ambiente /

Zapisane w:
Opis bibliograficzny
1. autor: Schmidheiny, Stephan (autor)
Korporacja: Consejo Empresarial para el Desarrollo Sostenible
Format: Książka
Język:hiszpański
Wydane: Bogotá, Colombia : Fondo de Cultura Económica, 1997, c1992
Seria:(Sección de Obras de Economía Contemporánea)
Hasła przedmiotowe:
Etykiety: Dodaj etykietę
Nie ma etykietki, Dołącz pierwszą etykiete!

MARC

LEADER 00000nam^a2200000^a^4500
001 000132558
005 20250521000000.0
009 20260310095101.75
020 |a 958-38-0067-8 
037 |a Acervo ITESO - Biblioteca 
041 |a ESP 
082 |a 658. 408  |b SCH 
100 |a Schmidheiny, Stephan  |e (autor) 
245 1 0 |a Cambiando el rumbo :  |b una perspectiva global del empresariado para el desarrollo y el medio ambiente /  |c S. Schmidheiny, Consejo Empresarial para el Desarrollo Sostenible ; tr. por Gustavo Joaquín, Lioba Renner. 
264 4 |a Bogotá, Colombia :  |b Fondo de Cultura Económica,  |c 1997, c1992 
300 |a 419 p. 
336 |a texto  |b txt  |2 rdacontenido 
337 |a sin mediación  |b n  |2 rdamedio 
338 |a volumen  |b nc  |2 rdasoporte 
440 1 |a (Sección de Obras de Economía Contemporánea) 
649 |a XX 
650 |a Desarrollo Sustentable 
650 |a Desarrollo Económico-Social 
650 |a Conservación y Protección Ambiental 
650 |a Proceso Administrativo 
650 |a Empresas -  |x Administración 
650 |a Economía 
650 |a Ciencias Administrativas 
710 |a Consejo Empresarial para el Desarrollo Sostenible 
910 |a Fondo General 
920 |a Impresos - Libros 
930 |a Colección General 
905 |a 101 
901 |a 0500061624  |b IT1  |c ACC  |u 20250521 
902 |a https://opac.biblio.iteso.mx/vufind/Record/000132558